000 00827nmc a2200301 a 4500
003 AR-BaBNM
005 20251128210910.0
008 281020s[ca. ||||||||||||||000 | spa||
020 _a84-7738-723-0
040 _cAR-BaBNM
100 1 _aAramburu Ordozgoiti, Francisco
245 1 0 _aMedio ambiente y educación
260 _aMadrid
_bSíntesis
_c[ca. 1998]
300 0 _a254 p.
_btablas
490 0 _aDidáctica de las ciencias sociales
_vv. 3
500 0 _aContiene referencias bibliográficas
650 4 _aEDUCACION AMBIENTAL
650 4 _aFORMACION DE DOCENTES
650 4 _aMEDIO AMBIENTE
650 4 _aECOSISTEMAS
650 4 _aCIENCIAS SOCIALES
650 4 _aCURRICULO
650 4 _aECOLOGIA
653 0 _aPROYECTOS CURRICULARES
653 0 _aTEMAS TRANSVERSALES
942 _cBK
998 _cRAQUEL
999 _c17362
_d17362